Statistics for 100 biggest cities in the world. 2022.

Click here to take the quiz!

General Stats

  • This quiz has been taken 17 times
  • The average score is 51 of 100

Answer Stats

HintCountryAnswer% Correct
37.2MJapanTokyo
100%
21.7MEgyptCairo
94%
32.0MIndiaDelhi
94%
22.4MBangladeshDhaka
94%
22.4MMexicoMexico City
94%
20.9MIndiaMumbai
94%
19.0MJapanOsaka
94%
22.0MBrazilSao Paulo
94%
28.5MChinaShanghai
94%
21.3MChinaBeijing
88%
15.3MArgentinaBuenos Aires
88%
15.8MTurkeyIstanbul
88%
15.6MD.R.CongoKinshasa
88%
15.4MNigeriaLagos
88%
14.4MPhilippinesManila
88%
13.6MBrazilRio De Janero
88%
10.9MThailandBangkok
82%
11.0MPeruLima
82%
9.5MUnited KingdomLondon
82%
12.6MRussiaMoscow
82%
11.1MFranceParis
82%
10.0MSouth KoreaSeoul
82%
11.3MColombiaBogota
76%
11.0MIndonesiaJakarta
76%
16.8MPakistanKarachi
76%
8.9MUnited StatesNew York City
76%
9.0MVietnamHo Chi Minh City
71%
15.1MIndiaKolkata
71%
9.5MJapanNagoya
71%
9.4MIranTehran
71%
7.4MTanzaniaDar es salaam
65%
5.0MVietnamHanoi
65%
4.4MAfghanistanKabul
65%
6.1MSudanKhartoum
65%
13.5MPakistanLahore
65%
8.9MAngolaLuanda
65%
6.7MSpainMadrid
65%
7.5MSaudi ArabiaRiyadh
65%
4.2MItalyRome
65%
6.9MChileSantiago
65%
5.1MAustraliaSydney
65%
6.3MCanadaToronto
65%
5.4MEgyptAlexandria
59%
7.5MIraqBaghdad
59%
5.6MSpainBarcelona
59%
4.8MSouth AfricaCape Town
59%
6.0MSouth AfricaJohannesburg
59%
5.0MAustraliaMelbourne
59%
5.0MKenyaNairobi
59%
6.0MSingaporeSingapore
59%
4.3MIsraelTel Aviv
59%
5.2MEthiopiaAddis Ababa
53%
5.3MTurkeyAnkara
53%
4.8MBrazilBrasilia
53%
10.5MIndiaHyderabad
53%
4.2MCanadaMontreal
53%
5.5MRussiaSaint Petersburg
53%
4.3MCameroonYaounde
53%
5.5MIvory CoastAbidjan
47%
5.5MMyanmarYangon
47%
8.4MIndiaAhmedabad
41%
11.5MIndiaChennai
41%
5.2MBangladeshChittagong
41%
16.8MChinaChongqing
41%
5.3MMexicoGuadalajara
41%
4.7MSaudi ArabiaJeddah
41%
5.0MMexicoMonterrey
41%
6.1MBrazilBelo Horizonte
35%
13.9MChinaGuangzhou
35%
14.0MChinaTianjin
35%
7.0MIndiaPune
29%
8.6MChinaWuhan
29%
8.5MChinaXi'an
29%
5.5MJapanFukuoka
24%
12.8MChinaShenzhen
24%
7.7MIndiaSurat
24%
8.0MChinaHangzhou
18%
7.6MChinaHong Kong
18%
13.2MIndiaBengalore
12%
9.4MChinaChengdu
12%
5.6MChinaJi Nan Shandong
12%
8.4MMalaysiaKuala Lampur
12%
9.4MChinaNanjing
12%
5.8MChinaQingdao
12%
4.7MChinaUrumqi
12%
4.6MChinaChangchun
6%
4.8MChinaChangsha
6%
5.9MChinaDalian
6%
7.5MChinaDongguan
6%
7.5MChinaFoshan
6%
6.6MChinaHaerbin
6%
4.4MChinaHefei
6%
4.2MChinaKunming
6%
4.4MChinaNingbo
6%
4.4MChinaShantou
6%
7.5MChinaShenyang
6%
4.2MChinaShijiazhuang
6%
7.7MChinaSuzhou
6%
4.4MTaiwanXinbei
6%
5.6MChinaZhengzhou
6%

Score Distribution

Percentile by Number Answered

Percent of People with Each Score

Your Score History

You have not taken this quiz